000 00438pab a2200169 454500
008 180718b2012 xxu||||| |||| 00| 0 eng d
100 _aKumar, Nalli Anand
245 _aEmergence of popularity of customer loyalty programs
260 _c2012
300 _ap.68-70.
362 _aJan
650 _aCustomers
700 _aAhmed, D. Nisar
773 _aSouth Asian Journal of Socio-Political Studies
908 _aN
909 _a96959
999 _c96959
_d96959